Inquietudes y meditaciones (Registro nro. 606)

Detalles MARC
000 -CABECERA
Longitud fija campo de control 00587nam a22002171 4500
001 - NÚMERO DE CONTROL
Número de control bimo0001516820
003 - IDENTIFICADOR DELl NÚMERO DE CONTROL
Identificador del número de control OSt
005 - FECHA Y HORA DE LA ÚLTIMA TRANSACCIÓN
Fecha y hora de la última transacción 20130712110601.0
008 - CÓDIGOS DE INFORMACIÓN DE LONGITUD FIJA
Códigos de información de longitud fija 000401s1975 sp spa
017 ## - NÚMERO DE COPYRIGHT O DE DEPÓSITO LEGAL
Número de copyright o de depósito legal M 823-1975
Agencia que asigna el número Oficina Depósito Legal Madrid
020 ## - NÚMERO INTERNACIONAL NORMALIZADO PARA LIBROS
Número Internacional Normalizado para Libros (ISBN) 84-239-1575-1
035 ## - NÚMERO DE CONTROL DEL SISTEMA
Número de control del sistema (OCoLC)433270554
040 ## - FUENTE DE LA CATALOGACIÓN
Centro catalogador de origen SpMaBN
Centro transcriptor BMC
082 ## - NÚMERO DE LA CLASIFICACIÓN DECIMAL DEWEY
Númeroo de clasificación 864.56
100 ## - PUNTO DE ACCESO PRINCIPAL-NOMBRE DE PERSONA
9 (RLIN) 7
Nombre de persona Unamuno, Miguel de
Fechas asociadas al nombre 1864-1936
245 10 - MENCIÓN DE TÍTULO
Título Inquietudes y meditaciones
Mención de responsabilidad, etc. Miguel de Unamuno
260 0# - PUBLICACIÓN, DISTRIBUCIÓN, ETC. (PIE DE IMPRENTA)
Lugar de publicación, distribución, etc. Madrid
Nombre del editor, distribuidor, etc. Espasa-Calpe
Fecha de publicación, distribución, etc. 1975
300 ## - DESCRIPCIÓN FÍSICA
Extensión 140 p.
Dimensiones 18 cm
490 0# - MENCIÓN DE SERIE
Mención de serie Austral
Designación de volumen o secuencia 1575
942 ## - ENTRADA DE ELEMENTOS AGREGADOS (KOHA)
Fuente de clasificaión o esquema Dewey Decimal Classification
Koha [por defecto] tipo de item 1- Monografias
Existencias
Suprimido Perdido Fuente de clasificación o esquema Estropeado Restricciones de uso No para préstamo Código de colección Localización permanente Localización actual Localización en estanter&íacute;as Fecha adquisición Fuente de adquisición Número de inventario Préstamos totales Signatura completa Código de barras Fecha última consulta Coste, precio reemplazado Fecha del precio de reemplazo Tipo de item de Koha
NULL NULL Dewey Decimal Classification NULL Prestable NULL NULL Biblioteca Miguel de Cervantes - UNICAES Biblioteca Miguel de Cervantes - UNICAES Sala Principal 15/07/1998 Donación - Marco René Revelo 000610   864.56 UNA inq 1000610 03/06/2013 13.67 03/06/2013 1- Monografias